Abelian functions : Abel's theorem and the allied theory of theta functions

Αποθηκεύτηκε σε:
Λεπτομέρειες βιβλιογραφικής εγγραφής
Κύριος συγγραφέας: Baker, H. F. (Henry Frederick), 1866-1956
Μορφή: Βιβλίο
Γλώσσα:English
Δημοσίευση: Cambridge, [Eng.] ; New York : Cambridge University Press, 1995
Σειρά:Cambridge mathematical library
Θέματα:
Ετικέτες: Προσθήκη ετικέτας
Δεν υπάρχουν, Καταχωρήστε ετικέτα πρώτοι!

MARC

LEADER 00000cam a2200000 i 4500
001 1/61646
008 071105s1995 eng d
020 |a 0-521-49877-5 
035 |l 10092052 
040 |a GR-MY-UA  |b gre  |e aacr 
041 0 |a eng 
082 0 |a 515.98  |2 (22) 
100 1 |a Baker, H. F.   |q (Henry Frederick),   |d 1866-1956. 
245 1 0 |a Abelian functions :  |b Abel's theorem and the allied theory of theta functions /  |c H.F. Baker 
260 |a Cambridge, [Eng.] ; New York :   |b Cambridge University Press,   |c 1995 
300 |a xxxv, 684 σ.;  |b εικ.;  |c 23 εκ. 
490 1 |a Cambridge mathematical library 
504 |a Περιλαμβάνει ευρετήρια 
650 0 0 |a Functions, Abelian. 
650 0 0 |a Functions, Theta. 
830 0 |a Cambridge mathematical library 
852 |a INST  |b SAMOS  |e 20071105  |h 515.98 BAK  |p 005300027933  |q 005300027933  |t BK  |y 0 
901 |a BIBL3-2007-3 
909 |a Σ  |b 140032 
922 |a 3ΕΛΗ  |b 200710  |c ΕΠΕΑΕΚ2/Τμήμα Μαθηματικών  |d Παπασωτηρίου 
970 |a Σιτζίμη  |b Γιασεμή  |z 2007/11/05